000 00572nam a2200205Ia 4500
001 281
008 171115n ii |||gr||||Z||||||465
041 _a465
082 _a333.5
100 _aHealth, Francis George.,
_eAuthor.,
245 0 _aBritish Rural Life And Labour /
_cFrancis George Heath.
_hTextual Documents
250 _a1st ed. /
260 _aLondon :
_bP.S King & Son ,
_c1911.
300 _ax,318p. :
_bill. ;
_c22cm .
653 _aEconomics
653 _aLabour-Britain
653 _aAgriculture-Britain
653 _aReference-Economics
942 _2ddc
_cBK
999 _c281
_d281